000 00414nam a2200169Ia 4500
008 220531s9999 xx 000 0 und d
041 _aeng
082 _a336.24
_bNAB
100 _aNabhi S. Board Of Editor
_956550
245 _aIncome Tax Guidelines
250 _a14th
260 _aNew Delhi
_bNabhi
_c2011
542 _d15-06-2011
650 _aTaxation
_956551
906 _d2011-2012
999 _c32582
_d32582